| 000 | 01106nam a2200265 i 4500 | ||
|---|---|---|---|
| 001 | bg | ||
| 245 | 0 |
_aKierunki rozwoju produkcji walców : _bIX Konferencja Naukowo-Techniczna 13.III-15. / _cHuta Buczek [et al. ; red. nauk. Henryk Dyja] _n002 Wisła-Malinka. |
|
| 260 |
_aCzęstochowa : _bWydaw. Wydziału Inżynierii Procesowej, Materiałowej i Fizyki Stosowanej. Politechnika Częstochowska, _c2002. |
||
| 300 |
_a98 s. : _bil. ; _c24 cm. |
||
| 490 | 1 |
_a[Materiały Konferencyjne Wydziału Metalurgii i Inżynierii Materiałowej] / Politechnika Częstochowska. Metalurgia ; _vnr 26 |
|
| 504 | _aBibliogr. po ref. | ||
| 650 | 9 |
_aWalce _xtechnologia |
|
| 650 | 9 | _aWalcowanie | |
| 655 | _aMateriały konferencyjne | ||
| 700 | 1 |
_aDYJA, Henryk. _eRed. |
|
| 710 | 0 | _aHuta Buczek | |
| 830 | 0 |
_a[Materiały Konferencyjne Wydziału Metalurgii i Inżynierii Materiałowej] (Politechnika Częstochowska). _pMetalurgia ; _vnr 26 |
|
| 020 | _a8387745367 | ||
| 040 | _cBPK | ||
| 041 | 0 | _apl | |
| 080 | _a621.77(061) | ||
| 920 | _a83-87745-36-7 | ||
| 942 | _cKS | ||
| 008 | s pl f |000 0 pol | ||
| 999 |
_c42174 _d42174 |
||
| 856 |
_uhttp://koha.tu.koszalin.pl/cgi-bin/koha/opac-detail.pl?biblionumber=42174 _yKatalog online BPK |
||